000 00789nam a2200253Ia 4500
003 OSt
005 20220928113640.0
006 a|||||r|||| 00| 0
007 ta
008 220927b |||||||| |||| 00| 0 eng d
024 _a43487
037 _cTextual
040 _aSDCL
_cSDCL
_beng
041 _2eng
_aeng
082 _aXM8,651:935.3'N8, M4
100 _aCopeman George
_9434222
245 0 _aShared ownership
_b How to use capital incentives to sustain business growth
260 _aAldershot
_bGower Publishing
_c1984
300 _avii,251p
_ccm.
700 _a Arrowsmith Carol
_9434223
700 _a Moore Peter
_9434224
942 _hXM8,651:935.3'N8, M4
_cTEXL
_2CC
999 _c750587
_d750587